[Event "IECG CP.2000.P.00048"]
[Site "IECG email"]
[Date "2000.10.01"]
[Round "?"]
[White "Subramanian, Hariharan"]
[Black "Gomez Galan Arense, Joaquin"]
[Result "0-1"]
[WhiteElo "800"]
[BlackElo "2005"]
[PlyCount "40"]
[EventDate "2000.10.01"]
[EventType "tourn (corr)"]
[EventRounds "6"]
[EventCountry "EST"]
[SourceTitle "Corr 2008"]
[Source "ChessBase"]
[SourceDate "2008.06.24"]
[SourceVersion "1"]
[SourceVersionDate "2008.06.24"]
[SourceQuality "1"]

1. d4 d5 2. c4 c6 3. Nc3 Nf6 4. Bg5 e6 5. Nf3 Nbd7 6. e3 Qa5 7. Bxf6 Nxf6 8. Nd2 Bb4 9. Qc2 0-0 10. Bd3 Re8 11. 0-0 Qc7 12. e4 dxe4 13. Ncxe4 Nxe4 14. Bxe4 f5 15. Bd3 e5 16. c5 Bxd2 17. Qxd2 exd4 18. Bc4+ Be6 19. Qxd4 Bxc4 20. Qxc4+ Qf7 0-1